|
|
|
|
| LEADER |
01603nam a2200337 a 4500 |
| 001 |
0017830 |
| 003 |
BD-DhAAL |
| 008 |
090629s2007 it a b 000 0 eng d |
| 010 |
|
|
|a \\2008372719
|
| 020 |
|
|
|a 9788861300675 (hbk.)
|
| 020 |
|
|
|a 8861300677 (hbk.)
|
| 040 |
|
|
|a UKM
|c UKM
|d BAKER
|d BWX
|d C3L
|d PIT
|d DLC
|d BD-DhAAL
|
| 082 |
0 |
4 |
|a 720.922
|2 22
|
| 100 |
1 |
|
|a Incerti, Guido.
|9 31872
|
| 245 |
1 |
0 |
|a Diller + Scofidio (+ Renfro), the ciliary function :
|b works and projects, 1979-2007 /
|c Guido Incerti, Daria Ricchi, Deane Simpson.
|
| 246 |
3 |
|
|a Diller and Scofidio (and Renfro), the ciliary function
|
| 246 |
3 |
0 |
|a Ciliary function
|
| 260 |
|
|
|a Milano, Italy :
|b Skira ;
|a New York, NY :
|b Distributed in North America by Rizzoli International Publications,
|c 2007.
|
| 300 |
|
|
|a 221 p. :
|b ill. (some col.) ;
|c 29 cm
|
| 504 |
|
|
|a Includes bibliographical references (pages 212-218).
|
| 526 |
|
|
|a ARC
|x Md. Shajjad Hossain,
Faculty members of the Department of Architecture
|
| 541 |
1 |
|
|e 0017830
|a Zeenat Book Supply LTD
|
| 600 |
1 |
0 |
|a Diller, Elizabeth.
|9 31873
|
| 600 |
1 |
0 |
|a Scofidio, Ricardo.
|9 31874
|
| 610 |
2 |
0 |
|a Diller + Scofidio.
|9 31875
|
| 700 |
1 |
|
|a Ricchi, Daria.
|9 31876
|
| 700 |
1 |
|
|a Simpson, Deane.
|9 31877
|
| 852 |
4 |
|
|a Ayesha Abed Library
|c General Stacks
|
| 942 |
|
|
|2 ddc
|c BK
|
| 999 |
|
|
|c 1880
|d 1880
|
| 952 |
|
|
|0 0
|1 0
|2 ddc
|4 0
|6 720_922000000000000_GUI_2006
|7 0
|9 1723
|a BRACUL
|b BRACUL
|c GEN
|d 2009-06-29
|e Zeenat Book Supply Limited
|g 7830.00
|l 3
|m 6
|o 720.922 GUI
|p 3010017830
|r 2021-12-23
|s 2021-12-15
|t 1
|w 2009-06-29
|y BK
|x Requisitioned by Md. Shajjad Hossain (Faculty members of the Department of Architecture).
|